00406nam a2200145 i 450000100060000000300090000600500170001500700030003200800410003510000220007624500650009826000540016330000220021785200210023935974ES-MaACL20230906155248.0t|030214s1931 fr ||||1| fre d1 aBourdet, Edouard.13aLe sexe faible b: piece en trois actes / cEdouard Bourdet. aParís : b[E. Grevin, c1931] (fImp. de Lagny) a294 p. ; c19 cm. aES-MaACLjA-3335